[Event "4th Alexander the Great Open"]
[Site "Neos Marmaras GRE"]
[Date "2012.04.16"]
[Round "1"]
[Board "1"]
[White "Antic, Dejan"]
[Black "Tsarouhas, Vasilios"]
[Result "1/2-1/2"]
[WhiteTitle "GM"]
[WhiteElo "2513"]
[BlackElo "2139"]
[WhiteFideId "901008"]
[BlackFideId "4203437"]
[EventDate "2012.04.16"]

1. d4 Nf6 2. c4 g6 3. Nc3 d5 4. cxd5 Nxd5 5. g3 Bg7 6. Bg2 Nb6 7. Nf3 O-O 8. O-O
Nc6 9. e3 Re8 10. b3 e5 11. Nxe5 Nxe5 12. dxe5 Qxd1 13. Rxd1 Bxe5 14. Bb2 c6 15.
Rd2 Bf5 16. Rad1 Bf6 17. Bf3 h5 18. Kg2 Kf8 19. h3 Red8 20. Ba3+ Ke8 21. Ne4
Bxe4 22. Bxe4 Rxd2 23. Rxd2 a5 24. Bc5 Nd7 25. Bd6 Be7 26. Bc2 Bxd6 27. Rxd6 Ke7
28. Rd4 b5 29. f4 Nb6 30. Kf3 c5 31. Rd1 a4 32. bxa4 b4 33. f5 g5 34. Bb3 c4 35.
Rd4 cxb3 36. axb3 Nxa4 37. bxa4 Rxa4 38. h4 Kf6 39. Ke4 gxh4 40. gxh4 Ra1 41.
Rxb4 Rh1 42. Rb6+ Kg7 43. Ke5 Rxh4 44. e4 f6+ 45. Kd5 Rf4 46. Rb7+ Kg8 47. Ke6
Rxe4+ 48. Kxf6 Ra4 49. Rb8+ Kh7 50. Rb7+ Kg8 51. Rg7+ Kf8 52. Rd7 Ra6+ 53. Kg5
Rb6 1/2-1/2

[Event "4th Alexander the Great Open"]
[Site "Neos Marmaras GRE"]
[Date "2012.04.16"]
[Round "1"]
[Board "2"]
[White "Franco, William"]
[Black "Mastrovasilis, Athanasios"]
[Result "0-1"]
[BlackTitle "GM"]
[WhiteElo "2097"]
[BlackElo "2510"]
[WhiteFideId "4400909"]
[BlackFideId "4201990"]
[EventDate "2012.04.16"]

1. d4 Nf6 2. c4 e6 3. Nf3 d5 4. Nc3 Nbd7 5. Qb3 c6 6. Bf4 a5 7. cxd5 exd5 8. e3
Be7 9. h3 O-O 10. Bd3 Re8 11. O-O Nf8 12. Rfd1 Ng6 13. Bg3 Bd6 14. Bxd6 Qxd6 15.
Qc2 Bd7 16. Na4 Ne4 17. Nc5 Nxc5 18. dxc5 Qf6 19. Nd4 Nh4 20. Kh2 Re5 21. Bf1
Rae8 22. g3 Nf5 23. Nxf5 Bxf5 24. Qd2 Qh6 25. Qe2 Be4 26. Rd4 Rf5 27. Bg2 Qf6
28. Rd2 h5 29. Rad1 Bxg2 30. Kxg2 Qe7 31. Qd3 g6 32. Rc1 Re5 33. Qc3 h4 34. g4
Qc7 35. Rd3 R8e6 36. Rcd1 Re4 37. b3 f5 38. gxf5 gxf5 39. Rg1 Rg6+ 40. Kh1 Rxg1+
41. Kxg1 Qd8 42. Kh1 a4 43. Rd1 Kf7 44. bxa4 Qf6 45. Qa5 Qe7 46. Rg1 Qd7 47. Qc3
d4 48. Qb3+ Qd5 49. Qxd5+ cxd5 50. exd4 Rxd4 51. Rb1 Rxa4 52. Rxb7+ Ke6 53. Rb2
d4 54. Kg2 Kd5 55. Rc2 d3 56. Rc1 Kd4 57. c6 d2 58. Rb1 Kd3 59. c7 Rc4 0-1

[Event "4th Alexander the Great Open"]
[Site "Neos Marmaras GRE"]
[Date "2012.04.16"]
[Round "1"]
[Board "3"]
[White "Drenchev, Petar"]
[Black "Sanders, Isaac B"]
[Result "1-0"]
[WhiteTitle "GM"]
[WhiteElo "2499"]
[BlackElo "2097"]
[WhiteFideId "2903261"]
[BlackFideId "417661"]
[EventDate "2012.04.16"]

1. Nf3 Nf6 2. c4 g6 3. Nc3 Bg7 4. e4 d6 5. d4 O-O 6. Be2 e5 7. O-O Nc6 8. d5 Ne7
9. Ne1 Nd7 10. Nd3 f5 11. f3 f4 12. Bd2 g5 13. Rc1 Rf6 14. c5 Nxc5 15. Nxc5 dxc5
16. Na4 b6 17. b4 a6 18. bxc5 b5 19. Nb2 Rh6 20. Nd3 Qe8 21. Nf2 Ng6 22. Ng4 Rh4
23. g3 Bxg4 24. fxg4 Rh6 25. a4 Rb8 26. axb5 axb5 27. Ba5 c6 28. Qb3 Kh8 29.
Rfd1 Nf8 30. Bc7 Rc8 31. Bd6 Nd7 32. dxc6 Nf6 33. c7 fxg3 34. Qxg3 Nxe4 35. Qd3
Nf6 36. Qf5 Ng8 37. Bxb5 Qxb5 38. Qxc8 Qc6 39. Qf5 1-0

[Event "4th Alexander the Great Open"]
[Site "Neos Marmaras GRE"]
[Date "2012.04.16"]
[Round "1"]
[Board "4"]
[White "Xaxiris, E."]
[Black "Galopoulos, Nikolaos"]
[Result "0-1"]
[WhiteElo "2062"]
[BlackElo "2430"]
[WhiteFideId "4206720"]
[BlackFideId "4208951"]
[EventDate "2012.04.16"]

1. d4 Nf6 2. c4 c5 3. d5 b5 4. cxb5 a6 5. e4 Nxe4 6. Qc2 Qa5+ 7. Nd2 Nd6 8. Qxc5
axb5 9. b4 Qa4 10. Ne4 Na6 11. Nxd6+ exd6 12. Qxb5 Nxb4 13. Qxa4 Rxa4 14. Kd2
Nxd5 15. Bb2 Bb7 16. Nf3 Be7 17. Bxg7 Rg8 18. Bb2 Nf4 19. Ne1 Bg5 20. h4 Bh6 21.
Kc2 Ke7 22. Nd3 Bxg2 23. Bxg2 Rxg2 24. Rhe1+ Kd8 25. Bf6+ Kc7 26. Re7 Nd5 27.
Kb3 Ra7 28. Rxf7 Rb7+ 29. Ka3 Rg8 30. Nb2 Ra8+ 31. Na4 Rb4 0-1

[Event "4th Alexander the Great Open"]
[Site "Neos Marmaras GRE"]
[Date "2012.04.16"]
[Round "1"]
[Board "5"]
[White "Haznedaroglu, Kivanc"]
[Black "Avagianos, Simeon"]
[Result "1-0"]
[WhiteTitle "GM"]
[WhiteElo "2419"]
[BlackElo "2060"]
[WhiteFideId "6300634"]
[BlackFideId "4208455"]
[EventDate "2012.04.16"]

1. e4 c5 2. Nf3 d6 3. d4 cxd4 4. Qxd4 a6 5. c4 Nc6 6. Qe3 g6 7. h3 Bd7 8. Be2
Bg7 9. O-O Rb8 10. Nc3 Bh6 11. Qd3 Bxc1 12. Raxc1 Nf6 13. Qe3 O-O 14. Rfd1 b5
15. c5 Ne8 16. e5 dxe5 17. Nxe5 Nxe5 18. Qxe5 Rc8 19. Ne4 Qc7 20. Qxe7 Bc6 21.
Qh4 Bxe4 22. Qxe4 Ng7 23. b4 Rfe8 24. Qc2 Qf4 25. a3 Ne6 26. Bg4 f5 27. Bf3 Ng5
28. Bb7 Rc7 29. Bxa6 1-0

[Event "4th Alexander the Great Open"]
[Site "Neos Marmaras GRE"]
[Date "2012.04.16"]
[Round "1"]
[Board "7"]
[White "Pein, Malcolm"]
[Black "Spirliadis, Achileas"]
[Result "1-0"]
[WhiteTitle "IM"]
[WhiteElo "2382"]
[BlackElo "2053"]
[WhiteFideId "400289"]
[BlackFideId "4215770"]
[EventDate "2012.04.16"]

1. Nf3 Nf6 2. c4 e6 3. g3 b6 4. Bg2 Bb7 5. O-O Be7 6. d4 c5 7. d5 exd5 8. Nh4
O-O 9. cxd5 d6 10. Nf5 b5 11. e4 Nbd7 12. f4 Ne8 13. e5 Nb6 14. Nc3 b4 15. Ne4
Qc7 16. Nxe7+ Qxe7 17. exd6 Nxd6 18. Nxc5 Rad8 19. Re1 Qf6 20. Nxb7 Nxb7 21. Be3
Rfe8 22. Qd4 Qd6 23. Bf2 Rxe1+ 24. Rxe1 Na5 25. Qc5 Qxc5 26. Bxc5 b3 27. axb3
Nxb3 28. Be7 Rd7 29. d6 1-0

[Event "4th Alexander the Great Open"]
[Site "Neos Marmaras GRE"]
[Date "2012.04.16"]
[Round "1"]
[Board "8"]
[White "Lappas, Konstantinos"]
[Black "Skytte, Rasmus"]
[Result "0-1"]
[BlackTitle "IM"]
[WhiteElo "2032"]
[BlackElo "2376"]
[WhiteFideId "4275748"]
[BlackFideId "1404210"]
[EventDate "2012.04.16"]

1. e4 c5 2. Nf3 Nc6 3. d4 cxd4 4. Nxd4 Qc7 5. c4 Qe5 6. Nb5 e6 7. f4 Qb8 8. e5
Nh6 9. N1c3 a6 10. Nd6+ Bxd6 11. exd6 Nf5 12. Ne4 b5 13. c5 Bb7 14. Bd3 Nb4 15.
Bb1 Qa7 16. a3 Nd5 17. Qe2 O-O 18. O-O Nxd6 19. Kh1 Nxe4 20. Qxe4 f5 21. Qd4 d6
22. b4 dxc5 23. bxc5 Rac8 24. Bb2 Rf7 25. Rc1 Qb8 26. Qe5 Qxe5 27. Bxe5 Ne3 28.
Ra2 Nc4 29. Bd4 Na5 30. Bf2 Bd5 31. Re2 Rd7 32. Ba2 Bxa2 33. Rxa2 Nc6 34. Re2
Kf7 35. Rce1 Re8 36. h3 Rd3 37. Re3 Rxe3 38. Rxe3 Rd8 39. g4 Rd4 40. Rf3 Rc4 41.
Kg2 Ne7 42. Kg3 g6 43. Bg1 Nd5 44. Bf2 Ke7 45. Bg1 Kd7 46. Bf2 Kc6 47. Bg1 a5
48. Bf2 b4 49. axb4 axb4 50. Bg1 Kb5 51. Rf1 b3 52. Rb1 Rb4 53. Rb2 Nxf4 54. Be3
Nd3 55. c6 Nxb2 0-1

[Event "4th Alexander the Great Open"]
[Site "Neos Marmaras GRE"]
[Date "2012.04.16"]
[Round "1"]
[Board "9"]
[White "Stojanovic, Andjelija"]
[Black "Papasimakopoulos, Alexandros"]
[Result "1-0"]
[WhiteTitle "WGM"]
[WhiteElo "2324"]
[BlackElo "2019"]
[WhiteFideId "928682"]
[BlackFideId "4244125"]
[EventDate "2012.04.16"]

1. Nf3 f5 2. d3 d6 3. e4 g6 4. exf5 Bxf5 5. d4 Bg7 6. Bd3 Qd7 7. Bxf5 Qxf5 8.
O-O Nf6 9. c3 Nbd7 10. Re1 e5 11. dxe5 dxe5 12. Nd4 Qh5 13. Ne6 Qxd1 14. Rxd1
Kf7 15. Nxc7 Rad8 16. Bg5 h6 17. Bxf6 Nxf6 18. Na3 Ne4 19. Nd5 Bf8 20. Nc2 Bc5
21. Nde3 Ke6 22. Rxd8 Rxd8 23. Rd1 Nd2 24. g3 Nf3+ 25. Kg2 Rxd1 26. Nxd1 e4 27.
h4 b5 28. Kf1 a6 29. Nce3 h5 30. Ng2 g5 31. hxg5 Kf5 32. Nde3+ Kxg5 33. Nd5 Nh2+
34. Ke2 Ng4 35. Nge3 Ne5 36. Nc7 Nd3 37. Nxa6 Bd6 38. b3 Nc1+ 39. Kd2 Nd3 40.
Nd1 Kg4 41. Ke3 Bxg3 42. fxg3 Kxg3 43. Kxe4 h4 44. Kxd3 h3 45. Ke2 1-0

[Event "4th Alexander the Great Open"]
[Site "Neos Marmaras GRE"]
[Date "2012.04.16"]
[Round "1"]
[Board "10"]
[White "Grapsa, Georgia"]
[Black "Ali Marandi, Cemil Can"]
[Result "0-1"]
[BlackTitle "FM"]
[WhiteElo "2018"]
[BlackElo "2315"]
[WhiteFideId "4206436"]
[BlackFideId "6300529"]
[EventDate "2012.04.16"]

1. d4 d5 2. c4 c6 3. g3 Nf6 4. Bg2 dxc4 5. Nf3 b5 6. O-O e6 7. a4 Bb7 8. b3 cxb3
9. Qxb3 b4 10. Ne5 Nfd7 11. Nc4 a5 12. e4 Be7 13. Bf4 O-O 14. Nbd2 Nb6 15. Rfd1
N8d7 16. h4 c5 17. Nd6 Ba6 18. e5 Bxd6 19. Bxa8 Qxa8 20. exd6 c4 21. Qf3 Bb7 22.
Qg4 Nf6 23. Qg5 c3 24. Qb5 Nfd5 25. Nb3 Nxf4 26. gxf4 Bh1 27. f3 Qxf3 28. Qf1
Qd5 29. Nc5 Bf3 30. Rd3 Be4 31. Nxe4 Qxe4 32. Re1 Qd5 33. Re5 Qxd6 34. Rxa5 Nc4
35. Rc5 Nb2 36. a5 Rd8 37. Rb5 Nxd3 38. Qxd3 g6 39. Qc4 Qxd4+ 0-1

[Event "4th Alexander the Great Open"]
[Site "Neos Marmaras GRE"]
[Date "2012.04.16"]
[Round "1"]
[Board "11"]
[White "Drljevic, Ljilja"]
[Black "Ryabov, Igor"]
[Result "1-0"]
[WhiteTitle "WIM"]
[WhiteElo "2278"]
[BlackElo "2009"]
[WhiteFideId "928879"]
[BlackFideId "24196088"]
[EventDate "2012.04.16"]

1. e4 Nf6 2. d3 e5 3. Nf3 Nc6 4. g3 Bb4+ 5. c3 Be7 6. Bg2 d5 7. Qe2 Bg4 8. h3
Bxf3 9. Qxf3 dxe4 10. dxe4 Qd7 11. O-O O-O-O 12. Re1 h6 13. Nd2 g5 14. Nc4 Kb8
15. Qf5 Qe6 16. Qxe6 fxe6 17. a4 Ne8 18. b4 Nd6 19. Bf1 Rhf8 20. b5 Nxc4 21.
Bxc4 Na5 22. Bxe6 Rd3 23. Re2 Bc5 24. Kg2 Rxc3 25. Bb2 Rd3 26. Rh1 Bxf2 27. Rxf2
Rxf2+ 28. Kxf2 Rd2+ 29. Kf3 Rxb2 30. h4 c6 31. hxg5 hxg5 32. Kg4 Kc7 33. Kxg5
Kd6 34. Kf6 Rf2+ 35. Bf5 Nc4 36. Rh7 cxb5 37. axb5 a5 38. Rxb7 Kc5 39. g4 a4 40.
g5 Nd6 41. Rc7+ Kxb5 42. Kxe5 Kb6 43. Rc1 Nf7+ 44. Kf6 Nd6 45. Ke6 Ne8 46. g6
Ng7+ 47. Kf6 Ne8+ 48. Ke5 Ng7 49. Ra1 Ka5 50. Bd7 Rg2 51. Rxa4+ Kb6 52. Kf6 Nh5+
53. Kf7 Kc7 54. Bf5 Kd6 55. Ra6+ Ke5 56. Ra5+ Kf4 57. Bh3 1-0

[Event "4th Alexander the Great Open"]
[Site "Neos Marmaras GRE"]
[Date "2012.04.16"]
[Round "1"]
[Board "12"]
[White "Rautanen, Sari"]
[Black "Gogolis, Alexandros"]
[Result "0-1"]
[BlackTitle "FM"]
[WhiteElo "2005"]
[BlackElo "2245"]
[WhiteFideId "502332"]
[BlackFideId "4202066"]
[EventDate "2012.04.16"]

1. Nf3 Nf6 2. g3 d5 3. Bg2 c6 4. d3 Bg4 5. Nbd2 Nbd7 6. O-O e5 7. e4 dxe4 8.
dxe4 Bc5 9. h3 Bh5 10. c3 O-O 11. Qc2 Re8 12. b4 Bf8 13. Nc4 b5 14. Ne3 a5 15.
Bd2 Nb6 16. Rfd1 Nfd7 17. a3 axb4 18. axb4 f6 19. c4 bxc4 20. Nxc4 Bf7 21. Bf1
Qc7 22. Na5 Rec8 23. Rdc1 c5 24. Be3 c4 25. Qc3 Qd6 26. Rcb1 Qe6 27. Rd1 Rc7 28.
Ra2 Qe7 29. Bd2 g6 30. Rda1 Qe6 31. Be3 Kg7 32. Nd2 h5 33. h4 Qe8 34. Kh2 Qe7
35. Rb2 Be6 36. Ndb3 Qxb4 37. Qc1 Qe7 38. Bh6+ Kh7 39. Bxf8 Qxf8 40. Rc2 Rac8
41. Nd2 Qb4 42. Rb2 Qc5 43. Nb1 c3 44. Rc2 Qb4 45. Qa3 Qc5 46. Qxc5 Nxc5 47. f3
Nb3 48. Nxb3 Bxb3 49. Rc1 c2 50. Nd2 Ba4 51. Ra2 Rd8 52. Nc4 Rd1 0-1

[Event "4th Alexander the Great Open"]
[Site "Neos Marmaras GRE"]
[Date "2012.04.16"]
[Round "1"]
[Board "13"]
[White "Tassopoulos, Marios"]
[Black "Ladopoulos, Dimitrios"]
[Result "1/2-1/2"]
[WhiteTitle "FM"]
[WhiteElo "2222"]
[BlackElo "1968"]
[WhiteFideId "4206282"]
[BlackFideId "4239580"]
[EventDate "2012.04.16"]

1. e4 e6 2. d4 d5 3. Nd2 Nf6 4. e5 Nfd7 5. Bd3 c5 6. c3 Nc6 7. Ne2 cxd4 8. cxd4
f6 9. exf6 Nxf6 10. O-O Bd6 11. Nf3 O-O 12. Bf4 Bxf4 13. Nxf4 Ne4 14. g3 Qf6 15.
h4 h6 16. Kg2 g5 17. hxg5 hxg5 18. Nh5 Qf5 19. Bxe4 Qxe4 20. Re1 Qf5 21. g4
Qxg4+ 22. Ng3 Qxf3+ 23. Qxf3 Rxf3 24. Kxf3 Nxd4+ 25. Kg4 Nc2 26. Kxg5 Nxa1 27.
Rxa1 Kf7 28. Kf4 Kf6 29. Nh5+ Ke7 30. Ke5 Bd7 31. Rg1 Rf8 32. Rg7+ Rf7 33. f4
Be8 34. Rxf7+ Bxf7 35. Ng3 Bg6 36. Ne2 Bh5 37. Nd4 Bg4 38. Nb5 a6 39. Nd6 b6 40.
Nc8+ Kd7 41. Nxb6+ Kc6 42. Na4 Kb5 43. b3 Kb4 44. Kd4 Ka3 45. Nc5 Kxa2 46. b4
Ka3 47. Nxa6 Be2 48. Nc5 Kxb4 49. Nxe6 Bg4 50. Kxd5 Kb5 51. Ke5 Kc6 52. f5 Bxf5
53. Kxf5 1/2-1/2

[Event "4th Alexander the Great Open"]
[Site "Neos Marmaras GRE"]
[Date "2012.04.16"]
[Round "1"]
[Board "15"]
[White "Miskulin, Dennis"]
[Black "Ioannidis, Evgenios"]
[Result "1-0"]
[BlackTitle "FM"]
[WhiteElo "2188"]
[BlackElo "1908"]
[WhiteFideId "1705520"]
[BlackFideId "4229274"]
[EventDate "2012.04.16"]

1. e4 c5 2. Nf3 d6 3. d4 cxd4 4. Nxd4 Nf6 5. Nc3 a6 6. Bg5 Nbd7 7. Bc4 e6 8. Bb3
b5 9. Qe2 Bb7 10. O-O-O Qa5 11. f4 b4 12. Nd5 exd5 13. exd5+ Kd8 14. Nc6+ Bxc6
15. dxc6 Nc5 16. Bxf6+ gxf6 17. Bxf7 Kc7 18. Rhe1 Rb8 19. Bd5 h5 20. Qc4 Rh7 21.
Kb1 Be7 22. Bf3 Na4 23. Ka1 Rb5 24. Qg8 Nc3 25. bxc3 b3 26. cxb3 Qxc3+ 27. Kb1
f5 28. Re2 Rg7 29. Qe6 Rc5 30. Qd7+ Kb6 31. b4 1-0

[Event "4th Alexander the Great Open"]
[Site "Neos Marmaras GRE"]
[Date "2012.04.17"]
[Round "2"]
[Board "1"]
[White "Mastrovasilis, Athanasios"]
[Black "Stojanovic, Andjelija"]
[Result "1-0"]
[WhiteTitle "GM"]
[BlackTitle "WGM"]
[WhiteElo "2510"]
[BlackElo "2324"]
[WhiteFideId "4201990"]
[BlackFideId "928682"]
[EventDate "2012.04.16"]

1. c4 e5 2. g3 Nc6 3. Bg2 d6 4. Nc3 g6 5. e4 Bg7 6. Nge2 Be6 7. Nd5 Qd7 8. d3 h5
9. h4 O-O-O 10. Qa4 Kb8 11. Be3 Bh6 12. b4 Bxe3 13. fxe3 Nce7 14. b5 Nxd5 15.
exd5 Bg4 16. Nc3 f5 17. Kd2 f4 18. gxf4 exf4 19. exf4 Nh6 20. b6 cxb6 21. Qxd7
Rxd7 22. Be4 Nf5 23. Bxf5 Bxf5 24. Rae1 Rf8 25. Re3 Rdf7 26. Nb5 Bd7 27. Nxd6
Rxf4 28. Ne4 Bf5 29. Nd6 Rf2+ 30. Kc3 Bd7 31. Re7 Kc7 32. Nb5+ Kd8 33. Rg7 Bxb5
34. cxb5 R8f5 35. Rxg6 Rxd5 36. Rg5 Rc5+ 37. Kd4 Rxa2 38. Rxc5 bxc5+ 39. Kxc5
Ra4 40. d4 b6+ 41. Kd5 Rb4 42. Rg1 Rxb5+ 43. Kd6 Ke8 44. Ke6 Kd8 45. Rg8+ Kc7
46. d5 1-0

[Event "4th Alexander the Great Open"]
[Site "Neos Marmaras GRE"]
[Date "2012.04.17"]
[Round "2"]
[Board "2"]
[White "Skytte, Rasmus"]
[Black "Drenchev, Petar"]
[Result "1-0"]
[WhiteTitle "IM"]
[BlackTitle "GM"]
[WhiteElo "2376"]
[BlackElo "2499"]
[WhiteFideId "1404210"]
[BlackFideId "2903261"]
[EventDate "2012.04.16"]

1. e4 c5 2. Nc3 e6 3. Nf3 a6 4. d4 cxd4 5. Nxd4 Qc7 6. g3 b5 7. Bg2 Bb7 8. O-O
Nf6 9. Re1 d6 10. a4 b4 11. Nd5 exd5 12. exd5+ Kd8 13. Bg5 Nd7 14. Nc6+ Bxc6 15.
dxc6 Nc5 16. Be3 Kc8 17. a5 Qa7 18. c3 Rb8 19. cxb4 Rxb4 20. Qd2 Rb3 21. Bxc5
Qxc5 22. Rac1 Qf5 23. Qd4 g6 24. Qa7 Bh6 25. Bf1 1-0

[Event "4th Alexander the Great Open"]
[Site "Neos Marmaras GRE"]
[Date "2012.04.17"]
[Round "2"]
[Board "3"]
[White "Galopoulos, Nikolaos"]
[Black "Drljevic, Ljilja"]
[Result "1-0"]
[BlackTitle "WIM"]
[WhiteElo "2430"]
[BlackElo "2278"]
[WhiteFideId "4208951"]
[BlackFideId "928879"]
[EventDate "2012.04.16"]

1. d4 d6 2. e4 Nf6 3. f3 g6 4. c4 Bg7 5. Nc3 O-O 6. Be3 c6 7. Nge2 a6 8. c5 Nbd7
9. Qd2 Re8 10. Rc1 Nf8 11. Na4 dxc5 12. dxc5 Qxd2+ 13. Bxd2 N6d7 14. Be3 e5 15.
g3 Ne6 16. Kf2 f5 17. exf5 gxf5 18. Bh3 Rf8 19. Rhd1 Nc7 20. Nec3 Nb5 21. Kg2
Rb8 22. Bg5 Nxc3 23. Rxc3 e4 24. Re3 exf3+ 25. Kxf3 Ne5+ 26. Kg2 Nc4 27. Re2 b5
28. cxb6 Nxb6 29. Bf4 Rb7 30. Nc5 Rbf7 31. Kf2 Nd5 32. Bg2 Rd8 33. Bg5 Bf6 34.
Bxf6 Rxf6 35. Bxd5+ cxd5 36. Rd4 Rc6 37. b4 a5 38. a3 axb4 39. axb4 Kf7 40. Ra2
Kf6 41. Ra7 Ke5 42. Ke3 Rh6 43. Nd3+ Kd6 44. Nf4 Kc6 45. h4 Re8+ 46. Kd2 Re4 47.
Rxe4 dxe4 48. Kc3 Kb6 49. Re7 Rc6+ 50. Kd4 h6 51. Nd5+ Kb5 52. Ra7 Rc4+ 53. Ke5
e3 54. Re7 e2 55. Kf6 Rc6+ 56. Kg7 Kc4 57. Nf4 Kxb4 58. Rxe2 Kc3 59. Ng6 Ba6 60.
Rf2 Bd3 61. Rf3 Kc2 62. Ne5 Rc7+ 63. Kxh6 Be4 64. Rf4 Kd2 65. Ng6 Ke3 66. h5 Rc1
67. Kg7 Rc7+ 68. Kf6 Rh7 69. Kg5 Bf3 70. h6 Be4 71. Nh4 Rh8 72. Nxf5+ Bxf5 73.
Rxf5 Rg8+ 74. Kf6 Rxg3 75. h7 Rh3 76. Kg7 Rg3+ 77. Kh6 1-0

[Event "4th Alexander the Great Open"]
[Site "Neos Marmaras GRE"]
[Date "2012.04.17"]
[Round "2"]
[Board "5"]
[White "Kanmazalp, Ogulcan"]
[Black "Miskulin, Dennis"]
[Result "0-1"]
[WhiteTitle "IM"]
[WhiteElo "2389"]
[BlackElo "2188"]
[WhiteFideId "6304990"]
[BlackFideId "1705520"]
[EventDate "2012.04.16"]

1. e4 e5 2. Nf3 Nc6 3. Bb5 a6 4. Ba4 Nf6 5. Qe2 b5 6. Bb3 Bc5 7. c3 d6 8. h3 O-O
9. d3 Bb7 10. Bg5 h6 11. Bh4 Qe7 12. O-O Bb6 13. Nbd2 Nd8 14. d4 Ne6 15. Bxe6
Qxe6 16. d5 Qe7 17. a4 c6 18. c4 b4 19. a5 Bd8 20. Rfd1 c5 21. Nf1 Qd7 22. g4 g6
23. Qe3 Kg7 24. Ng3 Rh8 25. Kh2 Bc8 26. Rg1 h5 27. Nf5+ Kf8 28. Nxe5 dxe5 29.
Qxc5+ Kg8 30. Bxf6 Bxf6 31. Qb6 Qd8 32. Qxb4 hxg4 33. Rxg4 Kh7 34. Ne3 Qc7 35.
Rg3 Rb8 36. Qc3 Be7 37. Nc2 Bh4 38. Rf3 Bg5 39. c5 Bf4+ 40. Kg2 Qe7 41. Ne3 Kg8
42. Rg1 Qh4 43. Nc4 Bxh3+ 44. Rxh3 Qg4+ 45. Kf1 Qxh3+ 46. Qxh3 Rxh3 47. Nb6 Bd2
48. c6 Bxa5 49. c7 Rf8 50. c8=Q Rxc8 51. Nxc8 Rb3 52. Ne7+ Kf8 53. Nc6 Bc7 54.
Kg2 Rxb2 55. Ra1 Rb6 56. Rh1 Kg7 57. Rc1 Rb2 58. Kg3 f6 59. Nd4 Bb6 60. Ne6+ Kf7
61. f3 a5 62. Rc8 a4 63. Ra8 Rb4 64. Nd8+ Bxd8 65. Rxd8 f5 66. exf5 gxf5 67. Ra8
Ke7 68. Ra6 Kd7 69. d6 Ke6 70. Kg2 Rb2+ 71. Kg3 Ra2 72. Kh3 a3 73. Kh4 f4 74.
d7+ Kxd7 75. Kg5 Ra1 76. Kf5 a2 77. Ra7+ Kd6 78. Ra6+ Kd5 79. Ra4 Kc5 80. Ra5+
Kd4 81. Ra3 Kc4 82. Ra4+ Kb3 0-1

[Event "4th Alexander the Great Open"]
[Site "Neos Marmaras GRE"]
[Date "2012.04.17"]
[Round "2"]
[Board "6"]
[White "Gogolis, Alexandros"]
[Black "Pein, Malcolm"]
[Result "0-1"]
[WhiteTitle "FM"]
[BlackTitle "IM"]
[WhiteElo "2245"]
[BlackElo "2382"]
[WhiteFideId "4202066"]
[BlackFideId "400289"]
[EventDate "2012.04.16"]

1. d4 Nf6 2. Nf3 e6 3. Bf4 b6 4. e3 Bb7 5. h3 g6 6. Nbd2 Bg7 7. Bd3 O-O 8. O-O
d6 9. Bh2 Nc6 10. c3 e5 11. dxe5 dxe5 12. Qe2 Nd7 13. Ba6 Bxa6 14. Qxa6 Nc5 15.
Qb5 Qe8 16. Nb3 a6 17. Qe2 Nb7 18. e4 Qe6 19. Nfd2 Nd6 20. Rfe1 Rfd8 21. a4 Bh6
22. Qg4 Qxg4 23. hxg4 f6 24. Kf1 Na5 25. Re2 Ndc4 26. Nxc4 Nxb3 27. Rae1 b5 28.
Na3 c6 29. f3 Nd2+ 30. Kf2 bxa4 31. Bg1 Rab8 32. Kg3 Rxb2 33. Be3 Bxe3 34. Rxe3
Ra2 35. Nb1 Nc4 36. R3e2 Rxe2 0-1

[Event "4th Alexander the Great Open"]
[Site "Neos Marmaras GRE"]
[Date "2012.04.17"]
[Round "2"]
[Board "7"]
[White "Djukic, Sandra"]
[Black "Antic, Dejan"]
[Result "1/2-1/2"]
[WhiteTitle "WIM"]
[BlackTitle "GM"]
[WhiteElo "2203"]
[BlackElo "2513"]
[WhiteFideId "931390"]
[BlackFideId "901008"]
[EventDate "2012.04.16"]

1. d4 Nf6 2. c4 g6 3. Nc3 Bg7 4. e4 d6 5. f3 O-O 6. Be3 Nbd7 7. Qd2 c5 8. Nge2
Qa5 9. d5 a6 10. Nc1 b5 11. cxb5 Ne5 12. a4 e6 13. dxe6 Bxe6 14. Qxd6 Rfd8 15.
Qxc5 Nfd7 16. Qd6 Nxf3+ 17. gxf3 Bxc3+ 18. Bd2 Bxd2+ 19. Qxd2 Qc7 20. Be2 axb5
21. Bxb5 Ne5 22. Qc3 Qd6 23. O-O Bh3 24. Rf2 Qf6 25. Ne2 Qg5+ 26. Ng3 Qf4 27.
Ne2 Qg5+ 28. Ng3 Qf4 29. Ne2 Qg5+ 30. Ng3 1/2-1/2

[Event "4th Alexander the Great Open"]
[Site "Neos Marmaras GRE"]
[Date "2012.04.17"]
[Round "2"]
[Board "8"]
[White "Tsarouhas, Vasilios"]
[Black "Tassopoulos, Marios"]
[Result "1/2-1/2"]
[BlackTitle "FM"]
[WhiteElo "2139"]
[BlackElo "2222"]
[WhiteFideId "4203437"]
[BlackFideId "4206282"]
[EventDate "2012.04.16"]

1. e4 c5 2. Nf3 d6 3. d4 cxd4 4. Nxd4 Nf6 5. Nc3 Nc6 6. Bc4 e6 7. Be3 Be7 8. Qe2
Bd7 9. O-O-O Rc8 10. Bb3 Na5 11. f3 Nxb3+ 12. axb3 Qa5 13. g4 O-O 14. Kb1 Ne8
15. h4 Nc7 16. g5 b5 17. Qg2 b4 18. Nce2 d5 19. e5 Nb5 20. Nxb5 Bxb5 21. Nd4 Bc5
22. h5 Bxd4 23. Bxd4 Rc6 24. Rh4 Rfc8 25. Rh2 Ra6 26. Kc1 Rac6 27. Kb1 Ra6 28.
Kc1 Rac6 1/2-1/2

[Event "4th Alexander the Great Open"]
[Site "Neos Marmaras GRE"]
[Date "2012.04.17"]
[Round "2"]
[Board "9"]
[White "Ladopoulos, Dimitrios"]
[Black "Franco, William"]
[Result "1-0"]
[WhiteElo "1968"]
[BlackElo "2097"]
[WhiteFideId "4239580"]
[BlackFideId "4400909"]
[EventDate "2012.04.16"]

1. e4 e5 2. Nf3 Nc6 3. Bb5 a6 4. Ba4 Nf6 5. O-O Nxe4 6. d4 b5 7. Bb3 d5 8. dxe5
Be6 9. Nbd2 Nc5 10. c3 Bg4 11. Bc2 Be7 12. Re1 Qd7 13. Nf1 Rd8 14. b4 Ne6 15. h3
Bh5 16. Ng3 Bg6 17. Nf5 O-O 18. Be3 Rfe8 19. a3 Bf8 20. N5d4 Rb8 21. Bxg6 fxg6
22. Qd3 Ncd8 23. Red1 c6 24. a4 Nxd4 25. Bxd4 Ne6 26. axb5 axb5 27. Ra7 Rb7 28.
Rxb7 Qxb7 29. Be3 Ra8 30. Nd4 Qd7 31. f4 Ra3 32. Qd2 Nxd4 33. Bxd4 Qe8 34. Qe2
Be7 35. g4 Qd8 36. Rf1 Qa8 37. f5 Ra2 38. Qf3 Ra1 39. f6 Rxf1+ 40. Qxf1 gxf6 41.
exf6 Bd6 42. f7+ Kf8 43. Qf6 1-0